000 00464nam a2200157 4500
001 111266
003 ES-MaACL
005 20230906185255.0
007 t|
008 061121s1950 sp r ||||1| spa d
100 1 _aOliva, Enrique de.
_986727
245 1 0 _aCoplas a la natividad de Nuestro Señor Jesuchristo /
_cEnrique de Oliva.
260 _a[ s.l. :
_bAntonio Pérez y Gómez,
_c1950]
300 _a4 h. ;
_c25 cm.
852 _aES-MaACL
_j1941-F-16
_bR.31362
999 _c111266
_d111266